<?xml version="1.0" encoding="UTF-8"?>
<record
    xmlns:xsi="http://www.w3.org/2001/XMLSchema-instance"
    xsi:schemaLocation="http://www.loc.gov/MARC21/slim http://www.loc.gov/standards/marcxml/schema/MARC21slim.xsd"
    xmlns="http://www.loc.gov/MARC21/slim">

  <leader>01757nam a2200253Ia 4500</leader>
  <controlfield tag="003">OSt</controlfield>
  <controlfield tag="005">20260316143908.0</controlfield>
  <controlfield tag="008">210716s2011    xx            000 0 und d</controlfield>
  <datafield tag="020" ind1=" " ind2=" ">
    <subfield code="a">9780340889145</subfield>
  </datafield>
  <datafield tag="040" ind1=" " ind2=" ">
    <subfield code="c">AIMIT LIBRARY</subfield>
  </datafield>
  <datafield tag="041" ind1=" " ind2=" ">
    <subfield code="a">eng</subfield>
  </datafield>
  <datafield tag="082" ind1=" " ind2=" ">
    <subfield code="a">001.0723034 </subfield>
    <subfield code="2">2</subfield>
    <subfield code="b">DESV</subfield>
  </datafield>
  <datafield tag="245" ind1=" " ind2=" ">
    <subfield code="a">Campanion to development studies /</subfield>
    <subfield code="c">Edited by Vandana Desai and Robert B Potter.</subfield>
  </datafield>
  <datafield tag="250" ind1=" " ind2=" ">
    <subfield code="a">2nd ed.</subfield>
  </datafield>
  <datafield tag="260" ind1=" " ind2=" ">
    <subfield code="a">London :</subfield>
    <subfield code="b">Hodder &amp; Stoughton ,</subfield>
    <subfield code="c">2011.</subfield>
  </datafield>
  <datafield tag="300" ind1=" " ind2=" ">
    <subfield code="a">xiv,587p. ;</subfield>
    <subfield code="b">PB</subfield>
    <subfield code="c">24.9 cm</subfield>
  </datafield>
  <datafield tag="500" ind1=" " ind2=" ">
    <subfield code="a">The Companion to Development Studies is an essential one-stop reference for anyone with an interest in development studies. Over 100 international experts have been brought together to present a comprehensive overview of the key theoretical and practical issues dominating contemporary development studies.



Building on the success of the first edition, the second edition of the Companion has been thoroughly revised and updated and includes new chapters on a range of topics, including ageing, culture and development, corruption and development and global terrorism. Each chapter summarises current debates and provides guidance for further reading and research.
The Companion to Development Studies is indispensable for students of development studies at all levels, from undergraduate to postgraduate and beyond, in departments of development studies, geography, politics, international relations, sociology, social anthropology and economics.</subfield>
  </datafield>
  <datafield tag="650" ind1=" " ind2=" ">
    <subfield code="a">Theories and strategies of development</subfield>
    <subfield code="9">185207</subfield>
  </datafield>
  <datafield tag="650" ind1=" " ind2=" ">
    <subfield code="a">Rural development</subfield>
    <subfield code="9">185208</subfield>
  </datafield>
  <datafield tag="650" ind1=" " ind2=" ">
    <subfield code="a">Environment and development</subfield>
    <subfield code="9">185209</subfield>
  </datafield>
  <datafield tag="700" ind1=" " ind2=" ">
    <subfield code="a">Desai, Vandana., ed.</subfield>
    <subfield code="9">185210</subfield>
  </datafield>
  <datafield tag="700" ind1=" " ind2=" ">
    <subfield code="a">Potter, Robert B., ed.</subfield>
    <subfield code="9">185211</subfield>
  </datafield>
  <datafield tag="942" ind1=" " ind2=" ">
    <subfield code="2">ddc</subfield>
    <subfield code="c">BK</subfield>
    <subfield code="e">2nd</subfield>
    <subfield code="k">001.0723034 DESV</subfield>
  </datafield>
  <datafield tag="999" ind1=" " ind2=" ">
    <subfield code="c">207639</subfield>
    <subfield code="d">207639</subfield>
  </datafield>
  <datafield tag="952" ind1=" " ind2=" ">
    <subfield code="0">0</subfield>
    <subfield code="1">0</subfield>
    <subfield code="2">ddc</subfield>
    <subfield code="4">0</subfield>
    <subfield code="7">0</subfield>
    <subfield code="8">MBA</subfield>
    <subfield code="a">AIMIT</subfield>
    <subfield code="b">AIMIT</subfield>
    <subfield code="d">2012-11-13</subfield>
    <subfield code="g">995.00</subfield>
    <subfield code="i">Bill no:ABK 599; Bill dt:2012-10</subfield>
    <subfield code="l">0</subfield>
    <subfield code="o">001.0723034 DESV</subfield>
    <subfield code="p">MBA10205</subfield>
    <subfield code="r">2025-07-21 00:00:00</subfield>
    <subfield code="v">746.25</subfield>
    <subfield code="w">2021-07-16</subfield>
    <subfield code="y">BK</subfield>
  </datafield>
</record>
